000 00212nam a22000857a 4500
008 160711b xxu||||| |||| 00| 0 eng d
100 _92536
_a Cheyney, J
245 _aCaptive's Promise
260 _aMI
_b Zondervan
_c1988
999 _c2202
_d2202